Power to the People: A Decade of Struggle against the Culture of Silence (Record no. 224359)
[ view plain ]
| 000 -LEADER | |
|---|---|
| fixed length control field | 00813nam a22002537a 4500 |
| 005 - DATE AND TIME OF LATEST TRANSACTION | |
| control field | 20220802122445.0 |
| 008 - FIXED-LENGTH DATA ELEMENTS--GENERAL INFORMATION | |
| fixed length control field | 220802b ||||| |||| 00| 0 eng d |
| 040 ## - CATALOGING SOURCE | |
| Transcribing agency | AL |
| 041 ## - LANGUAGE CODE | |
| Language code of text/sound track or separate title | English |
| 082 ## - DEWEY DECIMAL CLASSIFICATION NUMBER | |
| Edition number | 23 |
| Classification number | 322.440 |
| Item number | VIGP |
| 100 ## - MAIN ENTRY--PERSONAL NAME | |
| Personal name | Vigil India Movement and others |
| 100 ## - MAIN ENTRY--PERSONAL NAME | |
| 9 (RLIN) | 54321 |
| 245 ## - TITLE STATEMENT | |
| Title | Power to the People: A Decade of Struggle against the Culture of Silence |
| 260 ## - PUBLICATION, DISTRIBUTION, ETC. | |
| Place of publication, distribution, etc. | Bangalore |
| Name of publisher, distributor, etc. | Vigil India Movement |
| Date of publication, distribution, etc. | 1988 |
| 300 ## - PHYSICAL DESCRIPTION | |
| Extent | 127 p. |
| Other physical details | PB |
| Dimensions | 22x14 cm. |
| 365 ## - TRADE PRICE | |
| Price amount | ₹25.00 |
| Currency code | ₹ |
| Unit of pricing | ₹25.00 |
| 650 ## - SUBJECT ADDED ENTRY--TOPICAL TERM | |
| Topical term or geographic name entry element | India |
| 9 (RLIN) | 54322 |
| 650 ## - SUBJECT ADDED ENTRY--TOPICAL TERM | |
| Topical term or geographic name entry element | Vigil India Movement 1977-87 |
| 9 (RLIN) | 54323 |
| 650 ## - SUBJECT ADDED ENTRY--TOPICAL TERM | |
| Topical term or geographic name entry element | Human rights |
| 9 (RLIN) | 54324 |
| 650 ## - SUBJECT ADDED ENTRY--TOPICAL TERM | |
| Topical term or geographic name entry element | Politics and government |
| 9 (RLIN) | 54325 |
| 650 ## - SUBJECT ADDED ENTRY--TOPICAL TERM | |
| Topical term or geographic name entry element | Civil rights movements |
| 9 (RLIN) | 54326 |
| 700 ## - ADDED ENTRY--PERSONAL NAME | |
| Personal name | VIGIL INDIA MOVEMENT |
| 9 (RLIN) | 54327 |
| 700 ## - ADDED ENTRY--PERSONAL NAME | |
| Personal name | MUKHERJI (Diptendu) |
| 9 (RLIN) | 54328 |
| 942 ## - ADDED ENTRY ELEMENTS (KOHA) | |
| Source of classification or shelving scheme | Dewey Decimal Classification |
| Koha item type | George Fernandes Collections |
| Withdrawn status | Lost status | Source of classification or shelving scheme | Damaged status | Not for loan | Collection code | Home library | Current library | Date acquired | Total Checkouts | Full call number | Barcode | Date last seen | Price effective from | Koha item type |
|---|---|---|---|---|---|---|---|---|---|---|---|---|---|---|
| Dewey Decimal Classification | Political Science | St Aloysius Library | St Aloysius Library | 03/23/2013 | 322.440 VIGP | GF01804 | 08/02/2022 | 08/02/2022 | George Fernandes Collections |